00455nam a2200145Ia 4500008004100000020001800041082001400059100002300073245002300096260001400119500002400133942000700157952013000164999001500294260604s9999 xx 000 0 und d a9781032015842 a158.1 ALT aTorin alter935849 0aPhilosophy of Mind bRoutledge aEducation, Coaching cBK 00104070aIIMVbIIMVcGENERALd2026-06-04g3433.87l0o158.1 ALTp004300r2026-06-04 10:21:12v3433.87w2026-06-04yBKBALT c8682d8682